000 00997nam a22002897a 4500
001 5063
003 FISKH
005 20241104134912.0
008 241104b cb ||||| |||| 00| 0 eng d
020 _a97804390270069
040 _aFISKH
_beng
_cFISKH
_dFISKH
050 _aPZ7.C91483
082 _a821.1
100 _aCummings , Priscilla
245 _aRed Kayak /
_cby Priscilla Cummings
250 _aFirst Scholastic printing, February 2007
260 _aNew York :
_bScholastic ;
_c2004.
300 _a209 pages :
_billustrations ;
_c20 cm .
505 _aS
520 _aLiving near the water on Maryland's Eastern Shore, thirteen-year-old Brady and his best friends J.T. and Digger become entangled in a tragedy which tests their friendship and their ideas about right and wrong.
521 8 _a800
_bLexile
521 8 _aS
_bRaz-Plus
650 _amystery
_vrealistic fiction
700 _aVandervoort, Irene
_edesigner
942 _2ddc
_cBK
_n0
999 _c5063
_d5063